[Event "GBR-ch U1450 111th"]
[Site "Liverpool"]
[Date "2025.08.07"]
[Round "4"]
[White "Sohal, Aneeksha"]
[Black "Gunarathne, Dhamindra"]
[Result "0-1"]
[WhiteElo "1140"]
[BlackElo "1523"]
[PlyCount "176"]
[EventDate "2025.08.04"]
[EventType "swiss"]
[EventRounds "6"]
[EventCountry "ENG"]
[SourceTitle "CB33_2025"]
[SourceDate "2025.08.13"]
[SourceVersion "1"]
[SourceVersionDate "2025.08.13"]
[SourceQuality "1"]

1. e4 c6 2. Nc3 d5 3. exd5 cxd5 4. d4 Nc6 5. Nf3 a6 6. h3 Bf5 7. Be2 Nf6 8. Bf4 e6 9. 0-0 Bd6 10. Ne5 Qc7 11. Re1 Nxe5 12. dxe5 Bc5 13. Rf1 Nd7 14. Bg4 Bg6 15. Bh5 Nxe5 16. Qe2 Bd6 17. Bxe5 Bxe5 18. Bxg6 hxg6 19. f4 Bf6 20. Nxd5 Qc5+ 21. Ne3 0-0 22. Rab1 Rfe8 23. b4 Qb6 24. Kh1 Rac8 25. c4 Qc6 26. Rfc1 Qe4 27. c5 Bd4 28. Re1 Qxf4 29. Qf3 Qxf3 30. gxf3 Bc3 31. Red1 a5 32. a3 axb4 33. axb4 Red8 34. Rxd8+ Rxd8 35. b5 Rc8 36. Nd1 Bd4 37. Rc1 Rxc5 38. Rxc5 Bxc5 39. Nc3 b6 40. Ne4 Bb4 41. Kg1 Kf8 42. Kf1 Ke7 43. Ke2 f5 44. Ng5 Kd6 45. Kd3 Kd5 46. Kc2 e5 47. Kb3 Bc5 48. Ka4 e4 49. fxe4+ fxe4 50. h4 e3 51. Nf3 Ke4 52. Ne1 Kf4 53. Kb3 Kg4 54. Nd3 e2 55. Kc2 Be3 56. Ne5+ Kf5 57. Nd3 g5 58. hxg5 Bxg5 59. Ne1 Ke4 60. Nd3 Bh4 61. Kd2 e1Q+ 62. Nxe1 Bxe1+ 63. Kxe1 Kd4 64. Kd2 Kc4 65. Ke3 Kxb5 66. Kd4 g5 67. Ke4 Kc4 68. Kf5 b5 69. Kxg5 Kc3 70. Kf4 b4 71. Ke3 Kc2 72. Kd4 b3 73. Kc4 b2 74. Kd5 b1Q 75. Ke4 Qd1 76. Ke3 Kc3 77. Ke4 Qd3+ 78. Ke5 Kc4 79. Kf6 Qe4 80. Kf7 Kd5 81. Kf6 Qe6+ 82. Kg5 Qf7 83. Kg4 Ke5 84. Kg5 Qg7+ 85. Kh4 Kf4 86. Kh3 Qg5 87. Kh2 Kf3 88. Kh1 Qg2# 0-1

[Event "GBR-ch U1450 111th"]
[Site "Liverpool"]
[Date "2025.08.04"]
[Round "1"]
[White "Gunarathne, Dhamindra"]
[Black "Hutchinson, Stephen A"]
[Result "1-0"]
[WhiteElo "1523"]
[BlackElo "1058"]
[PlyCount "71"]
[EventDate "2025.08.04"]
[EventType "swiss"]
[EventRounds "6"]
[EventCountry "ENG"]
[SourceTitle "CB33_2025"]
[SourceDate "2025.08.13"]
[SourceVersion "1"]
[SourceVersionDate "2025.08.13"]
[SourceQuality "1"]

1. e4 e5 2. Nf3 Nc6 3. Bb5 Bc5 4. d3 a6 5. Ba4 b5 6. Bb3 d6 7. h3 Nf6 8. Nc3 0-0 9. Bg5 h6 10. Bxf6 Qxf6 11. Nd5 Qg6 12. g4 a5 13. Nxc7 Rb8 14. a3 a4 15. Ba2 Nd4 16. Nd5 Be6 17. Ne7+ Kh8 18. Nxg6+ Kh7 19. Nxf8+ Rxf8 20. Nxd4 Bxd4 21. c3 Bc5 22. d4 exd4 23. cxd4 Bb6 24. Qd3 Kh8 25. 0-0 Bxa2 26. Rxa2 Rc8 27. Raa1 Rd8 28. Rac1 d5 29. e5 Rb8 30. Rc6 Ba7 31. Rfc1 g6 32. Rc8+ Rxc8 33. Rxc8+ Kg7 34. Qf3 Bb6 35. Qf6+ Kh7 36. Qh8# 1-0